ISSUE-BASED NEEDS OF WOMEN'S NGOS OF NORTH EAST INDIA (Record no. 4947)
[ view plain ]
| 000 -LEADER | |
|---|---|
| fixed length control field | 00539nam a2200157 4500 |
| 003 - CONTROL NUMBER IDENTIFIER | |
| control field | LK-CoMWRAF |
| 008 - FIXED-LENGTH DATA ELEMENTS--GENERAL INFORMATION | |
| fixed length control field | 240626b |||||||| |||| 00| 0 eng d |
| 040 ## - CATALOGING SOURCE | |
| Original cataloging agency | LK-CoMWRAF |
| Modifying agency | LK-CoMWRAF |
| Description conventions | LK-CoMWRAF |
| 041 ## - LANGUAGE CODE | |
| Language code of text/sound track or separate title | English |
| 082 ## - DEWEY DECIMAL CLASSIFICATION NUMBER | |
| Classification number | 305.42 |
| Item number | NOR |
| 942 ## - ADDED ENTRY ELEMENTS (KOHA) | |
| Koha item type | Conference Proceeding |
| 111 ## - MAIN ENTRY--MEETING NAME | |
| Meeting name or jurisdiction name as entry element | NORTH EAST REGIONAL CONSULTATION ON ENGENDERING OF THE TENTH FIVE YEAR PLAN |
| Location of meeting | (Shillong, Meghalaya, |
| Date of meeting | 23rd November, 2001) |
| 245 ## - TITLE STATEMENT | |
| Title | ISSUE-BASED NEEDS OF WOMEN'S NGOS OF NORTH EAST INDIA |
| 260 ## - PUBLICATION, DISTRIBUTION, ETC. (IMPRINT) | |
| Name of publisher, distributor, etc. | North East network |
| Date of publication, distribution, etc. | 2001 |
| 650 ## - SUBJECT ADDED ENTRY--TOPICAL TERM | |
| Topical term or geographic name as entry element | FEMINISTS-North East India |
| Withdrawn status | Lost status | Damaged status | Not for loan | Permanent Location | Current Location | Date acquired | Full call number | Barcode | Koha item type |
|---|---|---|---|---|---|---|---|---|---|
| Resource center, Muslim Women's Research And Action Forum | Resource center, Muslim Women's Research And Action Forum | 2024-06-26 | 305.42 NOR | RAF5326 | Conference Proceeding |

